[Event "London Classic U1600 op 10th"]
[Site "London"]
[Date "2018.12.15"]
[Round "2"]
[White "Walsh, Shaun"]
[Black "Crouch, Timothy J"]
[Result "1/2-1/2"]
[WhiteElo "1352"]
[BlackElo "1504"]
[PlyCount "105"]
[EventDate "2018.12.14"]
[EventType "swiss"]
[EventRounds "5"]
[EventCountry "ENG"]
[SourceTitle "CBM 187 Extra"]
[Source "ChessBase"]
[SourceDate "2018.11.04"]
[SourceVersion "1"]
[SourceVersionDate "2018.11.04"]
[SourceQuality "1"]

1. e4 c5 2. Nf3 g6 3. d4 cxd4 4. Nxd4 Bg7 5. Nc3 Nc6 6. Be3 Nf6 7. Qd2 a6 8. f3 d6 9. 0-0-0 Bd7 10. Bh6 0-0 11. Bxg7 Kxg7 12. h4 h5 13. Be2 b5 14. Nxc6 Bxc6 15. Qd4 Qa5 16. a3 Rfd8 17. e5 dxe5 18. Qxe5 e6 19. g4 Rxd1+ 20. Rxd1 Rd8 21. Rxd8 Qxd8 22. g5 Kg8 23. Qxf6 Qb6 24. Nd1 a5 25. Qe5 Bd5 26. Qe3 Qb8 27. Nc3 Bc6 28. Qc5 Qf4+ 29. Kb1 Bxf3 30. Bxf3 Qxf3 31. Qxb5 Qh1+ 32. Ka2 Qxh4 33. Qe8+ Kg7 34. Qb5 Qf4 35. Qxa5 h4 36. Nd1 Qc4+ 37. Kb1 Qf1 38. Qc3+ Kh7 39. Qd3 Qh1 40. Ka1 Qg2 41. Ne3 Qxg5 42. Nf1 Qf4 43. a4 Qxa4+ 44. Kb1 Qf4 45. c4 e5 46. c5 e4 47. Qc4 Qf5 48. Qc2 Qxf1+ 49. Ka2 Qa6+ 50. Kb1 Qc6 51. b4 f6 52. Qc4 Qc7 53. Qxe4 1/2-1/2

[Event "Torquay Paignton Bloodworth op"]
[Site "Torquay"]
[Date "2018.09.03"]
[Round "2"]
[White "Pride, Stephen C"]
[Black "Crouch, Timothy J"]
[Result "0-1"]
[WhiteElo "138"]
[BlackElo "123"]
[PlyCount "46"]
[EventDate "2018.09.02"]
[EventType "swiss"]
[EventRounds "7"]
[EventCountry "ENG"]
[SourceTitle "CBM 187 Extra"]
[Source "ChessBase"]
[SourceDate "2018.11.04"]
[SourceVersion "1"]
[SourceVersionDate "2018.11.04"]
[SourceQuality "1"]

1. Nc3 e5 2. Nf3 Nc6 3. d4 exd4 4. Nxd4 Nge7 5. Bg5 f6 6. Bf4 d6 7. e3 a6 8. Bd3 Ne5 9. Be2 Bd7 10. Qd2 h5 11. 0-0-0 g5 12. Bg3 h4 13. Bxe5 fxe5 14. Nb3 Bc6 15. e4 Ng6 16. Bg4 Be7 17. Na5 Rb8 18. g3 Bd7 19. Bf5 Bxf5 20. exf5 Nf8 21. Nc4 Nh7 22. gxh4 gxh4 23. Qh6 Bg5+ 0-1

[Event "Torquay Paignton Bloodworth op"]
[Site "Torquay"]
[Date "2018.09.02"]
[Round "1"]
[White "Doherty, Paul D"]
[Black "Crouch, Timothy J"]
[Result "0-1"]
[WhiteElo "141"]
[BlackElo "123"]
[PlyCount "86"]
[EventDate "2018.09.02"]
[EventType "swiss"]
[EventRounds "7"]
[EventCountry "ENG"]
[SourceTitle "CBM 187 Extra"]
[Source "ChessBase"]
[SourceDate "2018.11.04"]
[SourceVersion "1"]
[SourceVersionDate "2018.11.04"]
[SourceQuality "1"]

1. d4 d5 2. c4 e6 3. Nc3 c6 4. cxd5 exd5 5. Nf3 Nf6 6. Bg5 Nbd7 7. e3 Be7 8. Bd3 h6 9. Bh4 Ne4 10. Bxe7 Qxe7 11. 0-0 0-0 12. Qc2 Re8 13. Rab1 Ndf6 14. Ne5 Ng5 15. f3 Nd7 16. f4 Nxe5 17. fxe5 Rf8 18. Rf2 Bd7 19. Rbf1 Rac8 20. h4 Ne6 21. Ne2 Qxh4 22. Bh7+ Kh8 23. Rxf7 Rxf7 24. Rxf7 Rf8 25. g3 Qg5 26. Bg6 Rxf7 27. Bxf7 Qxe3+ 28. Kg2 Ng5 29. Nf4 Nxf7 30. Ng6+ Kg8 31. Ne7+ Kf8 32. Qc5 Qe4+ 33. Kf2 Ke8 34. Ng8 Qf5+ 35. Kg1 Qe6 36. Qxa7 Nd8 37. Nxh6 gxh6 38. Qa3 Nf7 39. Qf3 Nxe5 40. dxe5 Qxe5 41. Qd3 Qe1+ 42. Kh2 Qf2+ 43. Kh1 Bf5 0-1

[Event "GBR-ch U1900 op 105th"]
[Site "Hull"]
[Date "2018.08.03"]
[Round "5"]
[White "Crouch, Timothy J"]
[Black "Jones, Rupert William"]
[Result "1-0"]
[WhiteElo "1535"]
[BlackElo "1823"]
[PlyCount "33"]
[EventDate "2018.07.30"]
[EventType "swiss"]
[EventRounds "5"]
[EventCountry "ENG"]
[SourceTitle "EXT 2021"]
[Source "ChessBase"]
[SourceDate "2020.10.23"]
[SourceVersion "1"]
[SourceVersionDate "2020.10.23"]
[SourceQuality "1"]

1. e4 d5 2. exd5 Nf6 3. Nf3 Nxd5 4. d4 Bf5 5. Bb5+ c6 6. Bd3 Bg6 7. Ne5 Bxd3 8. Qxd3 e6 9. 0-0 Be7 10. c3 0-0 11. f4 c5 12. a3 Qc7 13. f5 f6 14. Nc4 cxd4 15. cxd4 exf5 16. Ne3 Nf4 17. Qd2 1-0

[Event "GBR-ch U1900 op 105th"]
[Site "Hull"]
[Date "2018.08.01"]
[Round "3"]
[White "Crouch, Timothy J"]
[Black "Fowler, David J"]
[Result "1-0"]
[WhiteElo "1535"]
[BlackElo "1650"]
[PlyCount "103"]
[EventDate "2018.07.30"]
[EventType "swiss"]
[EventRounds "5"]
[EventCountry "ENG"]
[SourceTitle "EXT 2021"]
[Source "ChessBase"]
[SourceDate "2020.10.23"]
[SourceVersion "1"]
[SourceVersionDate "2020.10.23"]
[SourceQuality "1"]

1. e4 e6 2. Bb5 a6 3. Be2 b5 4. Nf3 Bb7 5. d3 d5 6. exd5 exd5 7. 0-0 Nf6 8. Bg5 Be7 9. Nh4 h6 10. Bd2 Qd7 11. Re1 Nc6 12. Nf3 0-0-0 13. c4 Bd6 14. cxb5 axb5 15. Nc3 Ne5 16. Nxe5 Bxe5 17. d4 Bxd4 18. Bxb5 c6 19. Ba4 Qf5 20. Re2 Rhe8 21. Bc2 Qh5 22. Rxe8 Rxe8 23. h3 Qe5 24. Qf3 Qc7 25. Bf5+ Kb8 26. Rc1 Qb6 27. Na4 Qb5 28. b3 Qe2 29. Qf4+ Be5 30. Qb4 Qb5 31. Qh4 Qe2 32. Bf4 Qxa2 33. Bxe5+ Rxe5 34. Qf4 Qe2 35. Nc5 g5 36. Qb4 Qb5 37. Qd4 Rxf5 38. Ra1 Rf4 39. Qe5+ Kc8 40. Qd6 Qb6 41. g3 Rf3 42. Re1 Qc7 43. Qf8+ Qd8 44. Qxh6 Ne4 45. Nxe4 dxe4 46. Rxe4 Qd2 47. Qf8+ Kc7 48. Qe7+ Qd7 49. Qe5+ Qd6 50. Qa5+ Kd7 51. Qb6 Kc8 52. Re8+ 1-0

[Event "GBR-ch U1750 op 105th"]
[Site "Hull"]
[Date "2018.08.01"]
[Round "3"]
[White "Crouch, Timothy J"]
[Black "McCormick, Graeme"]
[Result "1/2-1/2"]
[WhiteElo "1535"]
[BlackElo "1731"]
[PlyCount "58"]
[EventDate "2018.07.30"]
[EventType "swiss"]
[EventRounds "5"]
[EventCountry "ENG"]
[SourceTitle "EXT 2021"]
[Source "ChessBase"]
[SourceDate "2020.10.23"]
[SourceVersion "1"]
[SourceVersionDate "2020.10.23"]
[SourceQuality "1"]

1. e4 e6 2. Nf3 d5 3. exd5 exd5 4. d4 Nf6 5. Bg5 Be7 6. Bb5+ c6 7. Bd3 0-0 8. 0-0 h6 9. Bh4 Bg4 10. Nbd2 Nbd7 11. c3 Re8 12. Qc2 Nh5 13. Bxe7 Rxe7 14. Rfe1 Nf4 15. Rxe7 Qxe7 16. Re1 Qf6 17. Ne5 Nxe5 18. Rxe5 g6 19. Nb3 b6 20. f3 Be6 21. Nc1 c5 22. Ne2 cxd4 23. cxd4 Rc8 24. Qd2 Nxd3 25. Qxd3 Bf5 26. Qe3 Kg7 27. Nc3 Be6 28. f4 Rd8 29. Nb5 Rd7 1/2-1/2

[Event "London Classic op U1750 9th"]
[Site "London"]
[Date "2017.12.08"]
[Round "5"]
[White "Crouch, Timothy J"]
[Black "Selvarattinam, Gengadharan"]
[Result "1-0"]
[WhiteElo "1541"]
[BlackElo "1695"]
[PlyCount "69"]
[EventDate "2017.12.04"]
[EventType "swiss"]
[EventRounds "5"]
[EventCountry "ENG"]
[SourceTitle "CBM 182 Extra"]
[Source "ChessBase"]
[SourceDate "2018.02.23"]
[SourceVersion "1"]
[SourceVersionDate "2018.02.23"]
[SourceQuality "1"]

1. e4 d6 2. Bb5+ c6 3. Be2 e5 4. d3 Nf6 5. Nc3 Be7 6. Be3 0-0 7. Nf3 Qc7 8. 0-0 d5 9. Bg5 d4 10. Nb1 Bg4 11. Nbd2 Nbd7 12. Nh4 Bxe2 13. Qxe2 Rfe8 14. Nf5 Bf8 15. f4 h6 16. fxe5 hxg5 17. exf6 Nxf6 18. Nh6+ Kh7 19. Ng4 Nxg4 20. Qxg4 f6 21. Rf3 Kg8 22. Qh5 Qf7 23. Qg4 Bd6 24. Raf1 Bf4 25. Nc4 b5 26. Rxf4 gxf4 27. Nd6 Qe6 28. Nf5 g5 29. Qh5 Qd7 30. Qg6+ Kf8 31. Qxf6+ Kg8 32. Qg6+ Kf8 33. Qxg5 Re6 34. Rxf4 Ke8 35. Qg8# 1-0

[Event "London Classic op U1750 9th"]
[Site "London"]
[Date "2017.12.04"]
[Round "1"]
[White "Yim, Jay"]
[Black "Crouch, Timothy J"]
[Result "0-1"]
[WhiteElo "1003"]
[BlackElo "1541"]
[PlyCount "88"]
[EventDate "2017.12.04"]
[EventType "swiss"]
[EventRounds "5"]
[EventCountry "ENG"]
[SourceTitle "CBM 182 Extra"]
[Source "ChessBase"]
[SourceDate "2018.02.23"]
[SourceVersion "1"]
[SourceVersionDate "2018.02.23"]
[SourceQuality "1"]

1. e4 c5 2. Nf3 g6 3. d4 cxd4 4. Nxd4 Bg7 5. c3 Nc6 6. Bb5 Nxd4 7. cxd4 Qb6 8. Nc3 Bxd4 9. Qb3 Bxf2+ 10. Kd1 a6 11. Nd5 Qd4+ 12. Kc2 Qc5+ 13. Kb1 axb5 14. Qxb5 Ra5 15. Qxc5 Rxc5 16. Nb6 Rc6 17. Nxc8 Rxc8 18. Bf4 Nf6 19. e5 Nd5 20. Bg5 Be3 21. Bxe3 Nxe3 22. g3 0-0 23. a3 Rc5 24. Ka2 Rfc8 25. Rad1 R8c7 26. Rd3 Rxe5 27. Re1 Ng4 28. Red1 d6 29. R1d2 Rec5 30. Kb1 Ne5 31. Rb3 h5 32. h4 Nc4 33. Rc2 Nxa3+ 34. bxa3 Rxc2 35. a4 R2c4 36. a5 Ra4 37. a6 Rxa6 38. Rb2 e5 39. Rd2 Rc5 40. Rb2 b6 41. Rb4 Raa5 42. Rb2 Rab5 43. Ka2 Rxb2+ 44. Kxb2 e4 0-1

[Event "GBR-ch Yates op 104th"]
[Site "Llandudno"]
[Date "2017.07.29"]
[Round "2"]
[White "Crouch, Timothy J"]
[Black "Beswick, Andrew"]
[Result "1-0"]
[WhiteElo "117"]
[BlackElo "101"]
[PlyCount "92"]
[EventDate "2017.07.28"]
[EventType "swiss"]
[EventRounds "5"]
[EventCountry "WLS"]
[SourceTitle "EXT 2019"]
[Source "ChessBase"]
[SourceDate "2018.10.10"]
[SourceVersion "1"]
[SourceVersionDate "2018.10.10"]
[SourceQuality "1"]

1. e4 e5 2. Nf3 Nc6 3. Bc4 Nf6 4. Ng5 d5 5. exd5 Na5 6. Bb5+ Nd7 7. d3 b6 8. Qf3 Qf6 9. Qxf6 gxf6 10. Ne4 Bg7 11. b4 Nb7 12. Bc6 f5 13. Nec3 e4 14. 0-0 0-0 15. Bb2 Rb8 16. dxe4 fxe4 17. Nd2 Nd6 18. Rab1 Nf6 19. Rfe1 Bf5 20. Ne2 e3 21. fxe3 Bxc2 22. Rbc1 Bg6 23. Nf4 Bf5 24. Bxf6 Bxf6 25. e4 Bd4+ 26. Kf1 Bc8 27. Nf3 Ba6+ 28. Ne2 Be3 29. Rc3 Bh6 30. e5 Ne4 31. Ra3 Bc4 32. Rxa7 Nc3 33. Rxc7 Nxe2 34. Rxe2 Bxe2+ 35. Kxe2 f6 36. e6 Bf4 37. Ra7 Bd6 38. e7 Rfe8 39. Bxe8 Rxe8 40. a3 Bxe7 41. Kd3 Bd6 42. Rd7 Bf4 43. Kc4 Re3 44. a4 Re2 45. g3 Re4+ 46. Kb5 Be3 1-0

[Event "London Classic op U1750 8th"]
[Site "London"]
[Date "2016.12.14"]
[Round "3"]
[White "Crouch, Timothy J"]
[Black "Yapp, Christopher"]
[Result "1/2-1/2"]
[WhiteElo "1555"]
[BlackElo "1386"]
[PlyCount "98"]
[EventDate "2016.12.12"]
[EventType "swiss"]
[EventRounds "5"]
[EventCountry "ENG"]
[SourceTitle "EXT 2019"]
[Source "ChessBase"]
[SourceDate "2018.10.10"]
[SourceVersion "1"]
[SourceVersionDate "2018.10.10"]
[SourceQuality "1"]

1. e4 e6 2. Nf3 d5 3. exd5 exd5 4. d4 c6 5. Bd3 Bd6 6. Bg5 Ne7 7. 0-0 0-0 8. Nbd2 Bg4 9. h3 Bxf3 10. Qxf3 Qb6 11. Nb3 a5 12. a4 Na6 13. Rfe1 Rfe8 14. Re2 Nb4 15. Rae1 Nxd3 16. Qxd3 Qc7 17. Bxe7 Rxe7 18. Rxe7 Bxe7 19. Qe2 Re8 20. Qg4 b6 21. Nd2 Kf8 22. Nf3 Bf6 23. Rxe8+ Kxe8 24. c3 Qd7 25. Qf4 h6 26. Qb8+ Qd8 27. Qb7 c5 28. dxc5 bxc5 29. Qb5+ Qd7 30. Qxa5 Be7 31. Qa8+ Qd8 32. Qxd8+ Kxd8 33. Kf1 Kc7 34. Ke2 c4 35. Kd2 Bc5 36. Nd4 Kb6 37. Kc2 Bxd4 38. cxd4 Ka5 39. b3 Kb4 40. bxc4 Kxc4 41. a5 Kb5 42. Kb3 Kxa5 43. Ka3 Kb5 44. Kb3 Ka5 45. f3 f6 46. g3 Kb5 47. f4 Ka5 48. f5 Kb5 49. g4 Ka5 1/2-1/2

[Event "BCF-ch U150 103rd"]
[Site "Bournemouth"]
[Date "2016.07.31"]
[Round "5.17"]
[White "Crouch, Timothy J"]
[Black "Chadwick, Susan E"]
[Result "1-0"]
[WhiteElo "1552"]
[BlackElo "1469"]
[PlyCount "57"]
[EventDate "2016.07.29"]
[EventType "swiss"]
[EventRounds "5"]
[EventCountry "ENG"]
[SourceTitle "EXT 2023"]
[Source "ChessBase"]
[SourceDate "2022.10.05"]
[SourceVersion "1"]
[SourceVersionDate "2022.10.05"]
[SourceQuality "1"]

1. e4 c5 2. Nc3 Nc6 3. Nf3 d6 4. Bc4 Nf6 5. d4 cxd4 6. Nxd4 a6 7. 0-0 g6 8. Re1 Bg7 9. Nxc6 bxc6 10. e5 Ng4 11. exd6 Ne5 12. Bb3 e6 13. Ne4 0-0 14. Nc5 Ra7 15. Be3 Nd7 16. Nxe6 fxe6 17. Bxa7 Qf6 18. Bxe6+ Kh8 19. Bxd7 Bxd7 20. Re7 Rd8 21. Rxg7 Bg4 22. Qd4 Rxd6 23. Qxf6 Rxf6 24. Re7 Kg8 25. Rae1 Rd6 26. Be3 Bd7 27. Bh6 Bf5 28. Rg7+ Kf8 29. Rd7+ 1-0

[Event "Crawley e2e4 Gatwick op U1850"]
[Site "Crawley"]
[Date "2016.05.28"]
[Round "2"]
[White "Payne, Colin R"]
[Black "Crouch, Timothy J"]
[Result "0-1"]
[WhiteElo "1809"]
[BlackElo "1509"]
[PlyCount "80"]
[EventDate "2016.05.27"]
[EventType "swiss"]
[EventRounds "7"]
[EventCountry "ENG"]
[SourceTitle "EXT 2019"]
[Source "ChessBase"]
[SourceDate "2018.10.10"]
[SourceVersion "1"]
[SourceVersionDate "2018.10.10"]
[SourceQuality "1"]

1. e4 c5 2. Nc3 g6 3. f4 Bg7 4. Nf3 Nc6 5. Bb5 Nd4 6. 0-0 a6 7. Bc4 e6 8. a3 Ne7 9. Nxd4 Bxd4+ 10. Kh1 b5 11. Ba2 c4 12. Ne2 Bg7 13. d3 d5 14. exd5 cxd3 15. Qxd3 Nxd5 16. Bxd5 Qxd5 17. Qxd5 exd5 18. c3 0-0 19. Bd2 Bf5 20. Rad1 Be4 21. Be3 Rfe8 22. Bd4 Bxg2+ 23. Kxg2 Rxe2+ 24. Rf2 Rxf2+ 25. Kxf2 Bxd4+ 26. Rxd4 Rd8 27. b3 Kg7 28. c4 bxc4 29. bxc4 Kf6 30. Rxd5 Rxd5 31. cxd5 Ke7 32. Ke3 Kd6 33. Kd4 h6 34. h4 f6 35. a4 a5 36. Ke4 g5 37. hxg5 hxg5 38. fxg5 fxg5 39. Kf5 Kxd5 40. Kxg5 Kc4 0-1

[Event "Gibraltar Amateur op-B"]
[Site "Caleta"]
[Date "2016.01.30"]
[Round "1"]
[White "Dennis, Nigel W"]
[Black "Crouch, Timothy J"]
[Result "1-0"]
[WhiteElo "1820"]
[BlackElo "1541"]
[PlyCount "55"]
[EventDate "2016.01.30"]
[EventType "swiss"]
[EventRounds "5"]
[EventCountry "GGB"]
[SourceTitle "CBM 170 Extra"]
[Source "ChessBase"]
[SourceDate "2016.02.25"]
[SourceVersion "1"]
[SourceVersionDate "2016.02.25"]
[SourceQuality "1"]

1. e4 c5 2. Nf3 d6 3. d4 cxd4 4. Nxd4 Nf6 5. Nc3 a6 6. Be2 Nc6 7. 0-0 g6 8. Be3 Bg7 9. Nb3 b5 10. a3 0-0 11. f4 Bh6 12. Qd2 Bg4 13. h3 Bxe2 14. Qxe2 Nh5 15. Qf3 e5 16. f5 Bf4 17. Bxf4 exf4 18. Nd5 Ne5 19. Qd1 Qg5 20. Nd4 Rae8 21. Nf3 Nxf3+ 22. Qxf3 gxf5 23. Qxh5 Qd8 24. Qxf5 Re6 25. Rxf4 Kh8 26. Nf6 Qb6+ 27. Kh2 Re5 28. Qxh7# 1-0

[Event "Gibraltar Amateur op-A"]
[Site "Caleta"]
[Date "2016.01.26"]
[Round "2"]
[White "Dennis, Nigel W"]
[Black "Crouch, Timothy J"]
[Result "1-0"]
[WhiteElo "1820"]
[BlackElo "1541"]
[PlyCount "79"]
[EventDate "2016.01.25"]
[EventType "swiss"]
[EventRounds "5"]
[EventCountry "GGB"]
[SourceTitle "CBM 170 Extra"]
[Source "ChessBase"]
[SourceDate "2016.02.25"]
[SourceVersion "1"]
[SourceVersionDate "2016.02.25"]
[SourceQuality "1"]

1. e4 c5 2. Nf3 d6 3. d4 cxd4 4. Nxd4 Nf6 5. Nc3 a6 6. Be2 g6 7. 0-0 Bg7 8. a4 0-0 9. Be3 Nc6 10. f4 Nxd4 11. Bxd4 e5 12. fxe5 dxe5 13. Bxe5 Qb6+ 14. Qd4 Qxd4+ 15. Bxd4 Nh5 16. Bxg7 Nxg7 17. Nd5 Be6 18. Nf6+ Kh8 19. Rad1 Rfd8 20. Rxd8+ Rxd8 21. Rd1 Rxd1+ 22. Bxd1 Bc8 23. Kf2 h5 24. Ke3 Ne6 25. c3 Kg7 26. Ne8+ Kf8 27. Nd6 Bd7 28. Nxb7 Ke7 29. b4 Bc6 30. Na5 Bd7 31. Bb3 Nc7 32. c4 Na8 33. c5 Nc7 34. c6 Bc8 35. e5 Bf5 36. Kd4 Bc8 37. Kc5 Na8 38. b5 axb5 39. axb5 Be6 40. Bxe6 1-0

[Event "Birmingham 4NCL op-B 1st"]
[Site "Birmingham"]
[Date "2015.01.31"]
[Round "3"]
[White "Patrick, David A"]
[Black "Crouch, Timothy J"]
[Result "1-0"]
[WhiteElo "1880"]
[BlackElo "1575"]
[PlyCount "59"]
[EventDate "2015.01.30"]
[EventType "swiss"]
[EventRounds "5"]
[EventCountry "ENG"]
[SourceTitle "EXT 2023"]
[Source "ChessBase"]
[SourceDate "2022.10.05"]
[SourceVersion "1"]
[SourceVersionDate "2022.10.05"]
[SourceQuality "1"]

1. e4 c5 2. c3 d6 3. d4 cxd4 4. cxd4 Nf6 5. Nc3 e6 6. Nf3 Be7 7. Bd3 0-0 8. 0-0 a6 9. Qe2 Nbd7 10. e5 Ne8 11. Re1 g6 12. Bh6 Ng7 13. Ne4 dxe5 14. dxe5 Nc5 15. Bc2 Nxe4 16. Bxe4 Rb8 17. Red1 Qa5 18. Qe3 Rd8 19. Qa7 Qc7 20. Rdc1 Qxc1+ 21. Rxc1 Bd7 22. h3 Bb5 23. Bxb7 Nf5 24. Bg5 Rd7 25. Bxe7 Nxe7 26. Ng5 h6 27. Ne4 Kf8 28. Qe3 Nf5 29. Qa3+ Kg7 30. Bc6 1-0